000
00326nam a2200145Ia 4500
008
230312s9999||||xx |||||||||||||| ||und||
020
_a
9780500511749
082
_a
748.5094
_b
HUD-T
100
_a
Hudson
245
4
_a
The rose window
260
_b
uk
_a
London
_c
2005
300
_a
276
650
_a
Architecture
942
_c
BK
999
_c
15073
_d
15073